Kvalifikácia a intenzifikácia ekonomiky

Nové chápanie kvalifikácie ako súhrnu širokého komplexu poznatkov spätých s výkonom profesie. Kľúčová úloha rekvalifikácie a sústavného zvyšovania kvalifikácie pri štruktúrnej prestavbe našej ekonomiky. Príprava odborníkov pre nové činnosti. Žiaduca orientácia na predstih zdrojov pracovných síl pred...

Description complète

Enregistré dans:
Détails bibliographiques
Auteur principal: Staněk, Peter
Format: Chapitre de livre
Langue:slovaque
Sujets:
Tags: Ajouter un tag
Pas de tags, Soyez le premier à ajouter un tag!

MARC

LEADER 00000naa a2200000 4500
001 r002795
005 20220819172504.9
041 0 |a slo 
044 |a [CS] 
245 1 0 |a Kvalifikácia a intenzifikácia ekonomiky  |c Peter Stanek 
520 |a Nové chápanie kvalifikácie ako súhrnu širokého komplexu poznatkov spätých s výkonom profesie. Kľúčová úloha rekvalifikácie a sústavného zvyšovania kvalifikácie pri štruktúrnej prestavbe našej ekonomiky. Príprava odborníkov pre nové činnosti. Žiaduca orientácia na predstih zdrojov pracovných síl pred možným vývojom potreby. 
610 2 0 |a kvalifikácia 
610 2 0 |a intenzifikácia 
610 2 0 |a rekvalifikácia 
610 2 0 |a zvyšovanie kvalifikácie 
610 2 0 |a reformy hospodárske 
610 2 0 |a ČSFR 
610 2 0 |a podnik 
610 2 0 |a príprava odborná 
100 1 |a Staněk, Peter